000 00449nam a2200145Ia 4500
008 191129s9999 xx 000 0 und d
020 _a9786214061556
100 _aPineda, Ariel D.
245 _cAriel D. Pineda
_aMerchandising:
_baccounting for non-accountants/
260 _aManila:
_bMindshapers Co. Inc.
_c2018
300 _ax, 128 p. ;
_c21 cm.
500 _aIncludes bibliographical references
650 _aBusiness
650 _aMerchandising
999 _c362818
_d362818